000 00440cam a22001814a 4500
005 20250605163604.0
008 250528s ||||||||||||||||||||||||d
035 _a22290
020 _a9780273708896
040 _aGR-AtMCL
_bgre
_dGR-AtMCL
_eAACR2
245 1 _aQUANTITATIVE APPROACHES IN BUSINESS STUDIES
250 _a7
260 _bPrentice Hall,
_c2008
300 _a508
942 _cBK
999 _c7345
_d7345